00278nam a22000977a 4500008004100000082001700041110003000058245003900088260004400127300000900171230704b xxu||||| |||| 00| 0 eng d a341.765bWHO bWorld Health Organization aFifty-FifthbWorld Health Assembly aGenevabWorld Health Organizationc2002 a276p